[Event "Arber Seniors op 10th"]
[Site "Bodenmais"]
[Date "2023.08.07"]
[Round "3"]
[White "Koenig, Dirk"]
[Black "Scheuerer, Werner"]
[Result "1-0"]
[WhiteElo "1995"]
[BlackElo "1750"]
[PlyCount "70"]
[EventDate "2023.08.05"]
[EventType "swiss"]
[EventRounds "9"]
[EventCountry "GER"]
[SourceTitle "EXT 2024"]
[Source "ChessBase"]
[SourceDate "2023.10.10"]
[SourceVersion "1"]
[SourceVersionDate "2023.10.10"]
[SourceQuality "1"]

1. c4 d6 2. g3 g6 3. Bg2 Bg7 4. e3 Nf6 5. Ne2 c6 6. 0-0 0-0 7. d4 Be6 8. b3 Qc8 9. Re1 d5 10. Nd2 Na6 11. Ba3 Re8 12. Rc1 Nc7 13. Nf4 Qd7 14. Nf3 Bg4 15. Nd3 Ne4 16. Nfe5 Qf5 17. Nxg4 Qxg4 18. cxd5 Nxd5 19. Ne5 Qxd1 20. Rexd1 Nec3 21. Rd2 Nb5 22. Bb2 e6 23. e4 Bh6 24. exd5 Bxd2 25. Rc2 Bh6 26. dxc6 Rac8 27. Rc5 bxc6 28. Bxc6 Bf8 29. Rxb5 f6 30. Bxe8 fxe5 31. Bd7 Rc2 32. Bxe6+ Kg7 33. Rb7+ Kh6 34. Rf7 Bd6 35. dxe5 Bc5 1-0

[Event "Arber op 7th"]
[Site "Bodenmais"]
[Date "2018.08.01"]
[Round "5"]
[White "Scheuerer, Werner"]
[Black "Kolb, Wolfgang"]
[Result "0-1"]
[WhiteElo "1828"]
[BlackElo "2047"]
[PlyCount "66"]
[EventDate "2018.07.28"]
[EventType "swiss"]
[EventRounds "9"]
[EventCountry "GER"]
[SourceTitle "CBM 185 Extra"]
[Source "ChessBase"]
[SourceDate "2018.07.29"]
[SourceVersion "1"]
[SourceVersionDate "2018.07.29"]
[SourceQuality "1"]

1. f4 d5 2. Nf3 Nf6 3. g3 g6 4. Bg2 Bg7 5. 0-0 0-0 6. c3 b6 7. Na3 Bb7 8. Nc2 c5 9. b4 cxb4 10. Nxb4 Nbd7 11. Nd3 Qc7 12. Ba3 Rfe8 13. Rc1 Ne4 14. Ng5 Nxg5 15. fxg5 Ne5 16. Nb2 Nc4 17. Nxc4 dxc4 18. Bxb7 Qxb7 19. Rf3 Qd5 20. h4 h6 21. gxh6 Bxh6 22. Rc2 e5 23. h5 e4 24. Rf6 Qe5 25. Rf2 e3 26. Rf3 exd2 27. hxg6 fxg6 28. Rxd2 Bxd2 29. Qxd2 Rad8 30. Qh6 Rd1+ 31. Kg2 Qxe2+ 32. Rf2 Qe4+ 33. Rf3 Rd3 0-1

[Event "Forchheim op-B 13th"]
[Site "Forchheim"]
[Date "2014.10.03"]
[Round "1"]
[White "Ott Wegener, Hans"]
[Black "Scheuerer, Werner"]
[Result "1-0"]
[WhiteElo "1597"]
[BlackElo "1936"]
[PlyCount "93"]
[EventDate "2014.10.03"]
[EventType "swiss"]
[EventRounds "5"]
[EventCountry "GER"]
[SourceTitle "EXT 2019"]
[Source "ChessBase"]
[SourceDate "2018.10.10"]
[SourceVersion "1"]
[SourceVersionDate "2018.10.10"]
[SourceQuality "1"]

1. e4 c5 2. Nf3 e6 3. d4 cxd4 4. Nxd4 Nc6 5. Nc3 a6 6. Be3 Nge7 7. Be2 b5 8. a3 Nxd4 9. Bxd4 Nc6 10. Be3 Be7 11. 0-0 Bb7 12. f4 0-0 13. Bf3 Na5 14. b3 Qc7 15. Ne2 Rac8 16. Ra2 Rfd8 17. Qd3 d5 18. e5 Bc5 19. Nd4 Nc6 20. c3 Ne7 21. Rc1 Bxd4 22. cxd4 Qd7 23. Rac2 Nf5 24. Bf2 Rxc2 25. Rxc2 Rc8 26. Bd1 Ne7 27. Be1 Ng6 28. Rf2 Nf8 29. Bc2 Ra8 30. Bb4 g6 31. Qg3 a5 32. Bd6 f5 33. Qg5 Re8 34. Bd3 Bc6 35. Rc2 Rc8 36. Qh6 Qe8 37. Qxf8+ Qxf8 38. Bxf8 Kxf8 39. Bxb5 Bb7 40. Rxc8+ Bxc8 41. Kf2 Ke7 42. Ke3 h6 43. h4 Kf7 44. g3 Kg7 45. Be8 Ba6 46. Kd2 Bc8 47. Kc3 1-0